| 000 | 01176nam a2200337 c 4500 | ||
|---|---|---|---|
| 999 |
_c53572 _d53572 |
||
| 003 | BLK | ||
| 005 | 20210204124254.0 | ||
| 008 | 180408b bul|||||r ||||||| ||bul|| | ||
| 010 | _aKNG00057513000 | ||
| 020 | _a954-712-118-9 | ||
| 040 | _aBLK | ||
| 041 |
_aENG _cENG |
||
| 080 |
_aАнглийски език _b811.111 _x:61(075) _z811.111:61(075) |
||
| 080 |
_aМедицина _b61 _x(075) _z61(075) |
||
| 100 | 1 |
_aGrice, Anthony _eпърви автор _911726 |
|
| 139 |
_aEnglish for Nursing _bE 56 |
||
| 245 | 1 | 0 |
_aEnglish for Nursing _cAnthony Grice. |
| 257 | _aBGR | ||
| 260 |
_bРусенски унив. Ангел Кънчев _c2001 _fРусе : Авангард принт _aРусе |
||
| 300 |
_a100 p. _c29 cm |
||
| 380 | _a80 | ||
| 650 | 4 |
_aАнглийски език - в медицината - учебници _9264116 |
|
| 653 | _aанглийски език | ||
| 653 | _aмедицина | ||
| 653 | _aучебни помагала | ||
| 852 | _aЦб ІІ 13534 | ||
| 856 | 4 | _qpdf | |
| 856 | 4 | _qpdf | |
| 942 |
_cKNG _n0 _s1 |
||
| 944 |
_aCR _c09.01.2006 _kЦветанка_Енчева |
||
| 944 |
_aED _c17.01.2006 |
||
| 999 | _d53572 | ||